Operations management strategy

Αποθηκεύτηκε σε:
Λεπτομέρειες βιβλιογραφικής εγγραφής
Κύριος συγγραφέας: Harrison, Mike
Μορφή: Βιβλίο
Γλώσσα:English
Δημοσίευση: London : Pitman, c1993.
Θέματα:
Ετικέτες: Προσθήκη ετικέτας
Δεν υπάρχουν, Καταχωρήστε ετικέτα πρώτοι!

MARC

LEADER 00000cam a2200000 i 4500
001 1/19975
008 960704s1993 enk| |||c |||| ||eng||
020 |a 0273601199 
035 |l 10021464 
040 |a GR-MyUa  |b gre  |e AACR2 
041 0 |a eng 
082 7 |a 658.4012   |2 (22) 
100 1 |a Harrison, Mike. 
245 1 0 |a Operations management strategy /   |c Harrison Mike, 
260 |a London :   |b Pitman,   |c c1993. 
300 |a 234 σ. :   |b εικ. ;   |c 24 εκ. 
504 |a Περιλαμβάνει βιβλιογραφίικές παραπομπές και ευρετήριο. 
650 0 |a Industrial management. 
650 0 |a Strategic planning. 
650 0 |a Production management. 
650 0 |a Quality of products  |x Management. 
852 |a INST  |b CHIOS  |e 19960704  |h 658.4012 HAR  |p 005200001812  |q 005200001812  |t BK  |y 0